| 000 | 00553nam a2200193 a 4500 | ||
|---|---|---|---|
| 005 | 20140412111316.0 | ||
| 008 | 001218s19uu xx 00 eng d | ||
| 020 | _a0-307-12692-7 | ||
| 050 |
_aER _bAl11 1992 |
||
| 100 | _aBraybrooks, Ann | ||
| 245 |
_aAladdin / _cStory adapted by Ann Braybrooks ; illustrated by Phil Ortiz and Serge Michaels. |
||
| 260 |
_aNew York : _bA Golden Book, _c1992. |
||
| 300 | _a1 v. (unp.) ; ill. | ||
| 440 | _aDisney's | ||
| 650 | _aFolktales | ||
| 650 | _aChildren's stories | ||
| 999 |
_c104233 _d104233 |
||